000 00373nam a2200169Ia 4500
005 20250423100741.0
008 250422s9999 xx 000 0 und d
020 _a85599875
050 _aKD 600 .M6/
100 _aSheik Mohammed Ali
245 0 _aQuran Interpretation
260 _aEgypt
260 _bDara,salam
260 _c2007
300 _a234 p
942 _cBK
999 _c34232
_d34232